Bude v budúcnosti cena ropy ešte klesať alebo začne rásť?

Vplyv prebiehajúcej globálnej finančnej krízy na cenu ropy. Posudzovanie vývoja ceny ropy na rope známej pod označením West Texas Intermediate, alebo ropa Brent Blend, ropa koša OPEC a NYMEX Future. Vývoj spotovej ceny ropy WTI a Brent v USD/barel za r. 1999-2008. Prognóza svetového dopytu po rope....

Description complète

Enregistré dans:
Détails bibliographiques
Auteur principal: Kotlebová, Jana, 1969-
Format: Chapitre de livre
Langue:slovaque
Sujets:
Tags: Ajouter un tag
Pas de tags, Soyez le premier à ajouter un tag!

MARC

LEADER 00000naa$a2200000$$$4500
001 0092459
005 20240502072031.5
041 0 |a slo 
044 |a SK 
245 1 0 |a Bude v budúcnosti cena ropy ešte klesať alebo začne rásť?  |c Jana Kotlebová 
520 |a Vplyv prebiehajúcej globálnej finančnej krízy na cenu ropy. Posudzovanie vývoja ceny ropy na rope známej pod označením West Texas Intermediate, alebo ropa Brent Blend, ropa koša OPEC a NYMEX Future. Vývoj spotovej ceny ropy WTI a Brent v USD/barel za r. 1999-2008. Prognóza svetového dopytu po rope. Najväčší odberatelia ropy. Ponuka a dopyt po rope. Vyčerpávanie ropných zásob a chýbajúce finančné prostriedky na ťažbu z nových ložísk. Ďalšie klesanie ceny ropy. 
610 2 0 |a ropa 
610 2 0 |a ceny 
610 2 0 |a ponuka 
610 2 0 |a dopyt 
610 2 0 |a kríza hospodárska 
610 2 0 |a kríza finančná 
610 2 0 |a svet 
100 1 |a Kotlebová, Jana, 1969-